000 00798nmm a2200253 a 4500
001 ocm000891543
003 TR-IsHL
005 20201028144802.0
008 141121s2012 tu tur
007 cr cn
035 _a891543
_b(N$T)
050 0 4 _aPL248.P37
_bG85 2012
090 0 4 _aPL248.P37
_bG85 2012
100 1 _aParkan, Şirin
245 1 0 _aGümüş güneşin sarhoş kızı
_h[electronic resource] /
_cŞirin Parkan
260 _aİstanbul :
_bKafekültür Yayıncılık,
_c2012
300 _a30 p.
650 4 _aDil ve Edebiyat
650 4 _aLanguage and Literature
650 0 _aTürk şiiri
650 0 _aTurkish poetry
650 7 _aPOETRY / Middle Eastern
_2bisacsh
856 4 0 _uhttp://search.ebscohost.com/login.aspx?direct=true&scope=site&db=e011xww&AN=891543
999 _c9614
_d9614